Central Library OPAC University of Rajshahi
Normal view MARC view

Entry Personal Name

Number of records used in: 2

001 - CONTROL NUMBER

  • control field: 15333

003 - CONTROL NUMBER IDENTIFIER

  • control field: BD-RjUL

005 - DATE AND TIME OF LATEST TRANSACTION

  • control field: 20250427120333.0

008 - FIXED-LENGTH DATA ELEMENTS

  • fixed length control field: 250427|| aca||aabn | a|a d

040 ## - CATALOGING SOURCE

  • Original cataloging agency: BD-RjUL
  • Transcribing agency: BD-RjUL

100 ## - HEADING--PERSONAL NAME

  • Personal name: মিত্র, নরেন্দ্রনাথ,
  • Dates associated with a name: ১৯১৬ - ১৯৭৫

670 ## - SOURCE DATA FOUND

  • Source citation: Work cat.: (BD-RjUL)84859: মিত্র, নরেন্দ্রনাথ 15328, নরেন্দ্রনাথ মিত্রের শ্রেষ্ঠ গল্প /, [১৯৬২?]